ARRUPE JESUIT UNIVERSITY

CORONAVIRUS -STOP THE SPREAD - CLEAN,DISINFECT,COVER

Perspectives on the Nigerian Civil War / (Record no. 2840)

MARC details
000 -LEADER
fixed length control field 02245nam a2200325 a 4500
001 - CONTROL NUMBER
control field 1131545
005 - DATE AND TIME OF LATEST TRANSACTION
control field 20170612101734.0
008 - FIXED-LENGTH DATA ELEMENTS--GENERAL INFORMATION
fixed length control field 940418s1992 nr b 001 0 eng d
010 ## - LIBRARY OF CONGRESS CONTROL NUMBER
LC control number 94146615
020 ## - INTERNATIONAL STANDARD BOOK NUMBER
International Standard Book Number 9783202707
035 ## - SYSTEM CONTROL NUMBER
System control number (CStRLIN)NYPG94-B8081
040 ## - CATALOGING SOURCE
Original cataloging agency NN
Transcribing agency NN
Modifying agency DLC
042 ## - AUTHENTICATION CODE
Authentication code lccopycat
043 ## - GEOGRAPHIC AREA CODE
Geographic area code f-nr---
050 00 - LIBRARY OF CONGRESS CALL NUMBER
Classification number DT515.836
Item number .P47 1992
082 00 - DEWEY DECIMAL CLASSIFICATION NUMBER
Classification number 966.905/2
Edition number 21
245 00 - TITLE STATEMENT
Title Perspectives on the Nigerian Civil War /
Statement of responsibility, etc [compiled by] Siyan Oyewẹsọ.
260 ## - PUBLICATION, DISTRIBUTION, ETC. (IMPRINT)
Place of publication, distribution, etc Ojokoro, Lagos :
Name of publisher, distributor, etc OAP Publications,
Date of publication, distribution, etc 1992.
300 ## - PHYSICAL DESCRIPTION
Extent x, 358 p. ;
Dimensions 21 cm.
440 #0 - SERIES STATEMENT/ADDED ENTRY--TITLE
Title O.A.P. humanities series
9 (RLIN) 32522
504 ## - BIBLIOGRAPHY, ETC. NOTE
Bibliography, etc Includes bibliographical references and index.
505 0# - FORMATTED CONTENTS NOTE
Formatted contents note The historical roots of the Nigerian Civil War / Kunle Amuwo -- Kaduna Nzeogwu, the coup and prelude to the Nigerian Civil War / Siyan Oyeweso -- Aguiyi-Ironsi in the context of Nigerian history / Siyan Oyeweso and Henry Ekiyor -- The Ojukwu factor in the outbreak of the Nigerian Civil War / Siyan Oyeweso -- The political economy of the Nigerian Civil War / Kunle Amuwo -- Franco-Nigerian relations during the war years / Segun Johnson -- Environmental factors in the prosecution of the Nigerian Civil War / Ayo Omotayo -- Class struggles in Biafra / Abubakar Momoh -- Some considerations on Victor Banjo, Emmanuel Ifeajuna and others in the Nigerian Civil War / Siyan Oyeweso -- The impact of the Civil War on the Nigerian state / Said Adejumobi -- The abandoned property question / Abolade Adeniji -- Gowon and Igbo re-integration / Siyan Oyeweso -- Perspectives on Igbo re-integration in the post-Gowon era / Siyan Oyeweso -- Bali and Vatsa : soldiers, war and poetry / Rotimi Johnson -- Nigerian Civil War and creative strategies / Steve Ogunpitan -- War and poetry : Acholonu and Saro-Wiwa / Rotimi Johnson -- The war and the word / Adeleke A. Fakoya.
651 #0 - SUBJECT ADDED ENTRY--GEOGRAPHIC NAME
Geographic name Nigeria
General subdivision History
Chronological subdivision Civil War, 1967-1970.
9 (RLIN) 32507
700 1# - ADDED ENTRY--PERSONAL NAME
Personal name Oyeweso, Siyan.
9 (RLIN) 32523
906 ## - LOCAL DATA ELEMENT F, LDF (RLIN)
a 7
b cbc
c copycat
d 3
e ncip
f 19
g y-gencatlg
942 ## - ADDED ENTRY ELEMENTS (KOHA)
Source of classification or shelving scheme Library of Congress Classification
Item type Monograph ( Printed materials)
Holdings
Withdrawn status Lost status Source of classification or shelving scheme Damaged status Not for loan Collection code Home library Current library Shelving location Date acquired Total Checkouts Full call number Barcode Date last seen Date last borrowed Copy number Price effective from Koha item type
    Library of Congress Classification     Main Collection ARRUPE LIBRARY ARRUPE LIBRARY   27/02/2013 10 DT515.836P47 1992 46403802 25/11/2022 11/11/2022 1 27/02/2013 Monograph ( Printed materials)

 

Arrupe Library. PO Box MP320 Mt Pleasant, Harare, Zimbabwe
263 242 745411|librarian@aju.ac.zw